MARC
| LEADER | 00000cam a2200000 7i4500 | ||
|---|---|---|---|
| 001 | 0000013261 | ||
| 005 | 20050503.0 | ||
| 020 | |a 9810432437 | ||
| 040 | |a INS | ||
| 090 | 0 | 0 | |a TX724. |b Z237 2000 |
| 100 | 1 | |a Zarina Ibrahim | |
| 245 | 1 | 0 | |a Zarina's Easy Cooking Recipes From Malaysia and Singapore |c Zarina Ibrahim |
| 260 | |a Mowe : |b 2000 | ||
| 300 | |a 145p : |b 28cm | ||
| 650 | 0 | 0 | |a Cookery |
| 999 | |a 0000009565 |b BOOK |c Open Shelf |e Default branch | ||